<?xml version="1.0" encoding="UTF-8"?>
<record
    xmlns:xsi="http://www.w3.org/2001/XMLSchema-instance"
    xsi:schemaLocation="http://www.loc.gov/MARC21/slim http://www.loc.gov/standards/marcxml/schema/MARC21slim.xsd"
    xmlns="http://www.loc.gov/MARC21/slim">

  <leader>02302nam a22002537a 4500</leader>
  <controlfield tag="005">20230726100334.0</controlfield>
  <controlfield tag="008">230721b           ||||| |||| 00| 0 eng d</controlfield>
  <datafield tag="020" ind1=" " ind2=" ">
    <subfield code="a">9780143460268</subfield>
  </datafield>
  <datafield tag="040" ind1=" " ind2=" ">
    <subfield code="c">AL</subfield>
  </datafield>
  <datafield tag="041" ind1=" " ind2=" ">
    <subfield code="a">English</subfield>
  </datafield>
  <datafield tag="082" ind1=" " ind2=" ">
    <subfield code="2">23</subfield>
    <subfield code="a">355.03</subfield>
    <subfield code="b">MAJI</subfield>
  </datafield>
  <datafield tag="100" ind1=" " ind2=" ">
    <subfield code="a">Ushinor Majumdar</subfield>
    <subfield code="9">128387</subfield>
  </datafield>
  <datafield tag="245" ind1=" " ind2=" ">
    <subfield code="a">Indias Secret War: BSF and Nine Months to the Birth of Bangladesh</subfield>
  </datafield>
  <datafield tag="260" ind1=" " ind2=" ">
    <subfield code="b">Penguin Veer</subfield>
    <subfield code="c">2023</subfield>
    <subfield code="a">India</subfield>
  </datafield>
  <datafield tag="300" ind1=" " ind2=" ">
    <subfield code="a">xviii,289 p.</subfield>
    <subfield code="b">PB</subfield>
    <subfield code="c">21.5x13.6 cm.</subfield>
  </datafield>
  <datafield tag="365" ind1=" " ind2=" ">
    <subfield code="a">BLCR-000023</subfield>
    <subfield code="b">&#x20B9;399.00</subfield>
    <subfield code="c">&#x20B9;</subfield>
    <subfield code="d">&#x20B9;499.00</subfield>
    <subfield code="e">20%</subfield>
    <subfield code="f">11-07-2023</subfield>
  </datafield>
  <datafield tag="520" ind1=" " ind2=" ">
    <subfield code="a">Triggered by the US-backed Pakistani junta&#x2019;s brutal measures against the Bengalis, Sheikh Mujibur Rahman proclaimed the independence of East Pakistan on 26 March 1971. They needed the world&#x2019;s support, and India was their first ally.

The Border Security Force (BSF), an elite Indian force, was only five years old at the time and became central to India&#x2019;s sustained military response in East Pakistan for nine months, until the alliance of Indian and Bangladeshi forces won Dacca. The BSF&#x2019;s founding chief, K.F. Rustamji, and his men went beyond their charter of policing borders to respond to one of the world&#x2019;s worst humanitarian crises that was unfolding right next door to India. For nine months, till the 1971 India-Pakistan war, they covertly gave support to the forces of resistance, through clandestine missions and black ops deep in East Pakistan, while diplomats and politicians primed the world for the war. They welcomed democratically elected politicians and helped establish them as the government-in-exile, installed a clandestine radio station, triggered the defections of East Pakistani diplomats and foiled the Pakistan Army&#x2019;s tactical trump card to damage the Indian Air Force bases.

With access to classified records and through exhaustive interviews with surviving veterans, award-winning investigative reporter Ushinor Majumdar has crafted this first comprehensive historical account of the BSF&#x2019;s role in the Bangladesh liberation war, which changed the course of South Asian history.</subfield>
  </datafield>
  <datafield tag="650" ind1=" " ind2=" ">
    <subfield code="a">Diplomatic Relations</subfield>
    <subfield code="9">128220</subfield>
  </datafield>
  <datafield tag="650" ind1=" " ind2=" ">
    <subfield code="a">Bangladesh</subfield>
    <subfield code="9">128221</subfield>
  </datafield>
  <datafield tag="650" ind1=" " ind2=" ">
    <subfield code="a">Radio Revolution</subfield>
    <subfield code="9">128222</subfield>
  </datafield>
  <datafield tag="650" ind1=" " ind2=" ">
    <subfield code="a"> Military Science</subfield>
    <subfield code="9">128223</subfield>
  </datafield>
  <datafield tag="700" ind1=" " ind2=" ">
    <subfield code="a">MAJUMDAR (Ushinor)</subfield>
    <subfield code="9">128075</subfield>
  </datafield>
  <datafield tag="942" ind1=" " ind2=" ">
    <subfield code="2">ddc</subfield>
    <subfield code="c">BK</subfield>
  </datafield>
  <datafield tag="999" ind1=" " ind2=" ">
    <subfield code="c">228050</subfield>
    <subfield code="d">228050</subfield>
  </datafield>
  <datafield tag="952" ind1=" " ind2=" ">
    <subfield code="0">0</subfield>
    <subfield code="1">0</subfield>
    <subfield code="2">ddc</subfield>
    <subfield code="4">0</subfield>
    <subfield code="7">0</subfield>
    <subfield code="8">PS</subfield>
    <subfield code="a">AL</subfield>
    <subfield code="b">AL</subfield>
    <subfield code="d">2023-07-20</subfield>
    <subfield code="e">Navakarnataka Publications Pvt.Ltd.</subfield>
    <subfield code="g">399.00</subfield>
    <subfield code="l">1</subfield>
    <subfield code="o">355.03 MAJI</subfield>
    <subfield code="p">076595</subfield>
    <subfield code="r">2025-04-01 07:17:33</subfield>
    <subfield code="s">2025-03-13</subfield>
    <subfield code="v">499.00</subfield>
    <subfield code="w">2023-07-21</subfield>
    <subfield code="y">BK</subfield>
  </datafield>
</record>
